00992cam a2200289 a 45000010005000000030006000050050017000110080041000280100017000690200015000860200027001010200018001280400023001460500016001690820011001851000020001962450094002162600035003103000059003455050007004045200165004115210018005765210018005946500025006126500029006377000036006666168FISKH20260401100106.0960102s1997 nyua j 000 1 eng  a 96004000  a0531095363 a0531088863 (lib. bdg.) a9780531071366 aDLCcDLCdDLCbeng aPZ7.S3765 N a813.541 aSchotter, Roni.10aNothing ever happens on 90th Street /cby Roni Schotter ; illustrated by Kyrsten Brooker. aNew York :bScholastic,c1997. a32 unnumbered pages : bcolor illustrations ; c28 cm  aR  aWhen Eva sits on her stoop trying to complete a school assignment by writing about what happens in her neighborhood, she gets a great deal of advice and action.8 a690 bLexile 8 aR bRaz-Plus  1aAuthorshipxFiction. 1aNeighborlinessxFiction.1 aBrooker, Kyrsten,eillustrator